Electronics: A course for engineers (Record no. 4268)

MARC details
005 - DATE AND TIME OF LATEST TRANSACTION
control field 20250618084155.0
020 ## - INTERNATIONAL STANDARD BOOK NUMBER
International Standard Book Number 0-582-05476-1
082 ## - DEWEY DECIMAL CLASSIFICATION NUMBER
Classification number LM 621.381 MAD
100 ## - MAIN ENTRY--PERSONAL NAME
Author name MADDOCK, R. J.
245 ## - TITLE STATEMENT
Title Electronics: A course for engineers
260 ## - PUBLICATION, DISTRIBUTION, ETC.
Place of publication, distribution, etc. Harlow,
Name of publisher, distributor, etc. Longman,
Date of publication, distribution, etc. 1988.
300 ## - PHYSICAL DESCRIPTION
Extent vii, 678p.: ill.; figure, graph, table.
Other physical details Index,
Dimensions 25cm.
700 ## - ADDED ENTRY--PERSONAL NAME
Other authors/Editors CALCUTT, D. M.
942 ## - ADDED ENTRY ELEMENTS (KOHA)
Source of classification or shelving scheme Dewey Decimal Classification
Koha item type Books
Holdings
Date last seen Total checkouts Full call number Barcode Cost, replacement price Price effective from Koha item type Lost status Source of classification or shelving scheme Damaged status Not for loan Withdrawn status Home library Current library Shelving location Date acquired Cost, normal purchase price
06/18/2025   LM 621.381 MAD 00000010935 30000.00 06/18/2025 Books   Dewey Decimal Classification       College of Business Education Main Library College of Business Education Main Library General Collection 05/18/1992 10000.00